Top Scorer – Champions League 2010/11 - Statistiques

Statistiques générales
  • Ce quiz a été pris 29 fois
  • Le résultat moyen est 8 sur 15
Statistiques - réponses
But Club Joueur % Correct
12 FC Barcelone Messi
100%
6 Real Madrid Cristiano Ronaldo
96%
6 Real Madrid Benzema
88%
4 Manchester United Rooney
84%
8 Inter Milan Eto'o
76%
5 FC Barcelone Pedro
64%
4 FC Barcelone Villa
64%
8 Bayern Munich Gomez
60%
4 AC Milan Ibrahimovic
60%
5 Schalke 04 Raul
44%
7 Chelsea Anelka
24%
4 Schalke 04 Farfan
8%
4 Manchester United Chicharito
4%
6 FC Valence Soldado
4%
4 AS Rome Borriello
0%
Aucun quiz correspondant
Distribution des résultats
% des personnes avec chaque résultat
Percentile par nombre de réponses
Votre historique - résultats
Vous n’avez pas pris ce quiz